| 000 | 00503nam a2200157Ia 4500 | ||
|---|---|---|---|
| 999 |
_c22552 _d22552 |
||
| 082 | _aTR.0273 | ||
| 100 | _aRani Senthamarai, S. | ||
| 245 | 0 | _aUrban fringe to urban : A case of residential change in Madras metropolitan area | |
| 260 |
_c1989 _bUniversity of Madras |
||
| 300 | _av.p. + C D - 31 | ||
| 650 | _aMETROPOLITAN AREAS - TAMIL NADU - MADRAS | ||
| 650 | _aHOUSING - TAMIL NADU - MADRAS | ||
| 650 | _aURBANIZATION - TAMIL NADU - MADRAS | ||
| 710 | _aVasantha Kumaran, T. | ||
| 942 |
_cTH _2ddc |
||